Mobile computing and networking 2001 : proceedings of the Seventh Annual International Conference on Mobile Computing and Networking, July 16-21, 2001, Rome, Italy /

Bibliographic Details
Corporate Authors: International Conference on Mobile Computing and Networking Rome, Italy, ACM SIGMOBILE, Association for Computing Machinery. Special Interest Group on Data Communications, ACM-Sigmetrics, IEEE Communications Society
Format: Conference Proceeding Book
Language:English
Published: New York : The Association for Computing Machinery, 2001.
Subjects:

MARC

Tag First Indicator Second Indicator Subfields
LEADER 00000cam a2200000Ia 4500
001 in00001662452
005 20151024122707.0
008 011228s2001 nyua b 001 0 eng d
020 |a 1581134223 
035 |a (OCoLC)ocm48673152 
040 |a OUN  |c OUN  |d TXA  |d UtOrBLW 
049 |a TXAM 
090 |a QA76.59  |b .I57 2001 
111 2 |a International Conference on Mobile Computing and Networking  |n (7th :  |d 2001 :  |c Rome, Italy) 
245 1 0 |a Mobile computing and networking 2001 :  |b proceedings of the Seventh Annual International Conference on Mobile Computing and Networking, July 16-21, 2001, Rome, Italy /  |c sponsored by ACM SIGMOBILE ; in cooperation with ACM SIGCOMM and SIGMETRICS and the IEEE Communications Society. 
264 1 |a New York :  |b The Association for Computing Machinery,  |c 2001. 
300 |a 356 pages :  |b illustrations ;  |c 28 cm. 
336 |a text  |b txt  |2 rdacontent 
337 |a unmediated  |b n  |2 rdamedia 
338 |a volume  |b nc  |2 rdacarrier 
500 |a "ACM Order Number: 533011"--Title page verso. 
504 |a Includes bibliographical references and author index. 
650 0 |a Portable computers  |v Congresses. 
650 0 |a Mobile computing  |v Congresses. 
650 0 |a Computer networks  |v Congresses. 
710 2 |a ACM SIGMOBILE. 
710 2 |a Association for Computing Machinery.  |b Special Interest Group on Data Communications. 
710 2 |a ACM-Sigmetrics. 
710 2 |a IEEE Communications Society. 
994 |a E0  |b TXA 
948 |a cataloged  |b h  |c 2002/4/2  |d c  |e blrosas  |f 2:17:41 pm 
999 |a MARS 
999 f f |s 1eb3a137-87ac-3650-aca0-3992f6083fb4  |i feb4a81a-d4da-3aab-80ed-ca8d0fb8d1a0  |t 0 
952 f f |p ric  |a Texas A&M University  |b Rellis Campus  |c Joint Library Facility  |d Remote Storage  |t 0  |e QA76.59 .I57 2001  |h Library of Congress classification  |i unmediated -- volume  |m A14828814014 
998 f f |a QA76.59 .I57 2001  |t 0  |l Remote Storage